| 000 | 00771nam a22001337a 4500 | ||
|---|---|---|---|
| 040 | _cRUA | ||
| 082 | _aVEM PHL 2024 B1-330 Or. | ||
| 100 | _aPHLONG SIVTY,ផ្លុង ស៊ីវទី | ||
| 245 | _aCASE OF CANINE TOXOCARA CANIS AT VETERINARY TEACHING HOSPITAL, FACULTY OF VETERING MEDICINE, ROYAL UNIVERSITY OF AGRICULTURE,ករណី Toxocara canis លើសុនខនៅមន្ទីរពេទ្យ មហាវិទ្យាល័យវេជ្ជសាស្រ្តសត្វនៃសាកលវិទ្យាល័យភូមិន្ទកសិកម្ម | ||
| 260 |
_aphnom penh _brua _c2024 |
||
| 300 |
_ax.36p. _bill. _c29cm. |
||
| 856 | _uhttps://drive.google.com/file/d/1q09L82sOBTvKe9uUFmo5nqS48wgWUQMQ/view?usp=sharing | ||
| 942 | _cVEM | ||
| 999 |
_c24760 _d24760 |
||